01383cam a22003495a 450000100090000000300090000900500170001800800410003502000180007602000150009404000740010908200210018310000390020424501510024325000190039426400620041326400100047530000600048533600260054533700280057133800270059950000240062650400520065065000370070265000470073965100100078665300260079665500240082294200120084699900170085895201580087514224001EG-ScBUE20220829103459.0060110t2007 njua f bd 001 0 eng d a9780471741909 a0471741906 aDLCbengerdacDLCdBAKERdC#PdBTCTAdYDXCPdUKMdBURdDLCdEG-ScBUE04a720.284222bDOY1 aDoyle, Michael E.,eauthor.93842510aColor drawing :bdesign drawing skills and techniques for architects, landscape architects, and interior designers /cMichael E. Doyle, comm arts. aThird edition. 1aHoboken, New Jersey :bJohn Wiley and Sons, Inc.,c[2007] 4cc2007 avi, 425 pages :billustrations (chiefly color) ;c28 cm 2rdacontentatextbtxt 2rdamediaaunmediatedbn 2rdacarrieravolumebnc aIncludes glossary.  aIncludes bibliographical references and index.  7aColor drawingxTechnique.2BUEsh 7aArchitectural renderingxTechnique.2BUEsh 2BUEsh bENGARCcSeptember2015 vReading book934232 2ddccBB c20802d20774 00102ddc40708BaccahaMAINbMAINc2NDd2015-09-01ePurchaseg577.00h23317l4m43o720.284 DOYp000039561r2025-09-29 00:00:00s2024-09-22v721.00yBB